00370nam a2200133Ia 45000010005000000080041000050820024000461000063000702450030001332600024001635900007001879010027001949990015002214636241024s9999 xx 000 0 und d aRD/371.8/R426r/2017 aRepública Dominicana. Ministerio de Educación (MINERD) 0aMedalla de reconocimiento bSanto Domingoc2017 asi a20/6/2017 8:21:39 a.m. c8779d8779